000 00229nam a22000977a 4500
999 _c12375
_d12375
020 _a9780134358352
082 _a658.402
100 _aHenry Mintzberg
245 _aStructure in Fives Designing Effective Organization
942 _cBK